000 00314nam a2200121Ia 4500
008 231120s2018 xx 000 0 und d
041 _aeng
082 _a751.42
100 _aGRAHAME BOOTH
245 _aTHE PAINT PAD ARTIST: WATERCOLOUR LANDSCAPES
260 _aSEARCH PRESS
_bSEARCH PRESS
_c2018
300 _aP-96
999 _c933353
_d933353